| 000 | 01161cab a2200229 4500 | ||
|---|---|---|---|
| 001 | ABS47248 | ||
| 008 | 090401t1992 xxu||||| |||| 00| 0 eng d | ||
| 035 | _a(Sirsi) u61212 | ||
| 041 | _aeng | ||
| 100 | _aRobertson, D.S. | ||
| 245 | _aScottish home improvement policy 1945-1975 : coming to terms with the tenement | ||
| 260 | _c1992 | ||
| 350 | _a0 | ||
| 490 |
_aUrban Studies _v29(7) October 1992, 1115-1136(12) |
||
| 520 | _aTraces the development of home improvement policy in Scotland, illustrating how the traditional tenemental housing form for a long time hindered, then eventually distinctly shaped, this policy. Reference is made to the policy-making process within a Scottish context through the examination of a number of influential policy reports, advocating the adoption of home improvement, and how they eventually worked themselves into legislation. The central significance of Glasgow in framing this policy approach is clearly illustrated. References. (Based on journal abstract) | ||
| 650 | _aGOVERNMENT POLICY | ||
| 650 | _aHOME IMPROVEMENTS | ||
| 650 | _aTENEMENTS | ||
| 690 | _aHOUSING | ||
| 942 | _n0 | ||
| 948 | _c04/03/1997 | ||
| 999 |
_c37874 _d37874 |
||